00571 2200205 4500001002100000005001700021008004100038035002400079082001400103090002400117100001700141245008600158260002300244300002400267650002300291850001500314985000600329999001500335999001500350YOGYA-0209000002817420090227024216.0 ind  0010-020900000028174 a616.99424 a616.99424bRab SlT aRAB, Tabrani aSuatu penilaian stadium klinik kanker paru di Indonesiacdisusun oleh Tabrani Rab aJakartabEGCc1982 a51 hlmbilusc19 cm aParu-paru - Kanker aYOPDYOG(B) a2 a95P0066403 a93P0035528